000 00564nam a2200217 a 4500
999 _c5221
_d5221
001 5221
003 BD-JhCC
005 20180322190025.0
008 171210s1965 bg |||| ||a| 000 0 eng d
035 _a(BD-JhCC)5221
040 _aBD-JhCC
_dBD-JhCC
041 _aeng
082 _a330.547
_bRAH 1965
100 _aRahman, Hafiz Habibur
245 _aPakistan Economics /
_cHafiz Habibur Rahman
260 _aDacca :
_bIdeal Publications,
_c1695.
300 _a420 p. :
_c21 cm.
650 _aEconomics Condition
_zPakistan
942 _2ddc
_cBK